A Stronger CEE for a Stronger Europe

Gespeichert in:
Bibliographische Detailangaben
1. Verfasser: Wieser, Thomas
Weitere Verfasser: Grieveson, Richard, Holzner, Mario
Format: Buch
Sprache:Englisch
Veröffentlicht: Vienna The Vienna Institute for International Economic Studies 2024
Schlagworte:
Tags: Tag hinzufügen
Keine Tags, Fügen Sie das erste Tag hinzu!

MARC

LEADER 00000nlm a2200000 4500
001 0302821
005 20240625151419.0
041 0 |a eng 
044 |a AT 
245 1 0 |a A Stronger CEE for a Stronger Europe  |c Thomas Wieser, Richard Grieveson, Mario Holzner 
264 1 |a Vienna  |b The Vienna Institute for International Economic Studies  |c 2024 
300 |a 26 s. 
610 2 0 |a integrácia ekonomická medzinárodná 
610 2 0 |a konvergencia 
610 2 0 |a eurozóna 
610 2 0 |a modely rastu 
610 2 0 |a trh finančný medzinárodný 
610 2 0 |a Európska únia 
610 2 0 |a stredná Európa 
610 2 0 |a východná Európa 
100 1 |a Wieser, Thomas 
700 1 |a Grieveson, Richard 
700 1 |a Holzner, Mario